The differentiated classroom : (Record no. 17659)
[ view plain ]
| 000 -LEADER | |
|---|---|
| fixed length control field | 01048nam a2200289 a 4500 |
| 001 - CONTROL NUMBER | |
| control field | 012909143 |
| 003 - CONTROL NUMBER IDENTIFIER | |
| control field | Uk |
| 005 - DATE AND TIME OF LATEST TRANSACTION | |
| control field | 20131021173304.0 |
| 008 - FIXED-LENGTH DATA ELEMENTS--GENERAL INFORMATION | |
| fixed length control field | 040504s1999 vaua b 001 0 eng |
| 010 ## - LIBRARY OF CONGRESS CONTROL NUMBER | |
| LC control number | 996162 |
| 020 ## - INTERNATIONAL STANDARD BOOK NUMBER | |
| International Standard Book Number | 0131195026 |
| 020 ## - INTERNATIONAL STANDARD BOOK NUMBER | |
| International Standard Book Number | 9780131195028 |
| 082 04 - DEWEY DECIMAL CLASSIFICATION NUMBER | |
| Classification number | 371.394 |
| Edition number | 22 |
| Item number | TOM |
| 100 1# - MAIN ENTRY--PERSONAL NAME | |
| Personal name | Tomlinson, Carol A. |
| 9 (RLIN) | 33714 |
| 245 14 - TITLE STATEMENT | |
| Title | The differentiated classroom : |
| Remainder of title | responding to the needs of all learners / |
| Statement of responsibility, etc | Carol Ann Tomlinson. |
| 260 ## - PUBLICATION, DISTRIBUTION, ETC. (IMPRINT) | |
| Place of publication, distribution, etc | Upper Saddle River, NJ : |
| Name of publisher, distributor, etc | Pearson/Merrill Prentice Hall, |
| Date of publication, distribution, etc | 2005 |
| 300 ## - PHYSICAL DESCRIPTION | |
| Extent | vi, 132 p. : |
| Other physical details | ill ; |
| Dimensions | 26 cm. |
| 490 ## - Series Statement | |
| -- | 34136 |
| Series statement | Merrill Education/ASCD College Textbook Series |
| 504 ## - BIBLIOGRAPHY, ETC. NOTE | |
| Bibliography, etc | Includes bibliographical references and index. |
| 650 #0 - SUBJECT ADDED ENTRY--TOPICAL TERM | |
| Topical term or geographic name as entry element | Individualized instruction. |
| 9 (RLIN) | 34133 |
| 650 #0 - SUBJECT ADDED ENTRY--TOPICAL TERM | |
| Topical term or geographic name as entry element | Cognitive styles in children. |
| 9 (RLIN) | 34134 |
| 650 #0 - SUBJECT ADDED ENTRY--TOPICAL TERM | |
| Topical term or geographic name as entry element | Mixed ability grouping in education. |
| 9 (RLIN) | 34130 |
| 653 ## - INDEX TERM--UNCONTROLLED | |
| Resource For college | |
| Arrived date list | October2013 |
| 710 2# - ADDED ENTRY--CORPORATE NAME | |
| Corporate name or jurisdiction name as entry element | Association for Supervision and Curriculum Development. |
| 9 (RLIN) | 34135 |
| 942 ## - ADDED ENTRY ELEMENTS (KOHA) | |
| Source of classification or shelving scheme | Dewey Decimal Classification |
| Item type | Book - Borrowing |
| Withdrawn status | Item status | Source of classification or shelving scheme | Damaged status | Not for loan | Vendor | Home library | Current library | Shelving location | Date acquired | Source of acquisition | Cost, normal purchase price | Serial Enumeration / chronology | Total Checkouts | Full call number | Barcode | Date last seen | Koha item type |
|---|---|---|---|---|---|---|---|---|---|---|---|---|---|---|---|---|---|
| Dewey Decimal Classification | Baccah | Central Library | Central Library | First floor | 21/10/2013 | 272.00 | 18079 | 371.394 TOM | 000029230 | 15/07/2025 | Book - Borrowing |